[Event "FRA-chT U20 16 GP Basse 1213"]
[Site "France"]
[Date "2013.05.19"]
[Round "10"]
[White "Vigna, Leo"]
[Black "Stamboulian, Brice"]
[Result "1/2-1/2"]
[WhiteElo "1736"]
[BlackElo "1626"]
[PlyCount "97"]
[EventDate "2012.12.01"]
[EventType "team"]
[EventRounds "11"]
[EventCountry "FRA"]
[SourceTitle "EXT 2014"]
[Source "ChessBase"]
[SourceDate "2013.11.20"]
[SourceVersion "1"]
[SourceVersionDate "2013.11.20"]
[SourceQuality "1"]
[WhiteTeam "Lutece (U20)"]
[BlackTeam "Grenoble (U20)"]
[WhiteTeamCountry "FRA"]
[BlackTeamCountry "FRA"]

1. e4 c5 2. Nf3 e6 3. d4 cxd4 4. Nxd4 a6 5. Nc3 b5 6. Bd3 Qb6 7. Nb3 Qc7 8. f4 Bb7 9. Qf3 g6 10. 0-0 Bg7 11. f5 Nf6 12. Bf4 d6 13. fxe6 fxe6 14. Kh1 0-0 15. Qh3 e5 16. Bg5 Nbd7 17. Nd5 Nxd5 18. Qe6+ Kh8 19. exd5 Rae8 20. Rxf8+ Rxf8 21. Be7 Re8 22. Qxd6 Qxd6 23. Bxd6 Bxd5 24. a4 e4 25. Be2 Bc4 26. Bxc4 bxc4 27. Nd2 Bxb2 28. Re1 c3 29. Nc4 Nf6 30. Be5 Kg7 31. Rxe4 Kg8 32. Rd4 Ba3 33. g4 Bc5 34. Rf4 Nd5 35. Rf3 Rf8 36. Rxf8+ Kxf8 37. Kg2 Ke7 38. Kf3 Ke6 39. h3 Ne3 40. Bd6 Ba7 41. Nxe3 Kxd6 42. Nd1 Bd4 43. Ke4 Bf6 44. Kd3 Ke5 45. Nxc3 h5 46. Ne2 hxg4 47. hxg4 g5 48. Ng3 Bd8 49. Ke3 1/2-1/2

[Event "FRA-chT U20 GpB 1213"]
[Site "France"]
[Date "2013.01.05"]
[Round "5"]
[White "Vigna, Leo"]
[Black "Mohammad, Fahim"]
[Result "0-1"]
[WhiteElo "1736"]
[BlackElo "1932"]
[PlyCount "110"]
[EventDate "2012.12.01"]
[EventType "team"]
[EventRounds "7"]
[EventCountry "FRA"]
[SourceTitle "EXT 2014"]
[Source "ChessBase"]
[SourceDate "2013.11.20"]
[SourceVersion "1"]
[SourceVersionDate "2013.11.20"]
[SourceQuality "1"]
[WhiteTeam "Lutece (U20)"]
[BlackTeam "Creteil (U20)"]
[WhiteTeamCountry "FRA"]
[BlackTeamCountry "FRA"]

1. e4 c5 2. Nf3 e6 3. d4 cxd4 4. Nxd4 Nf6 5. Nc3 Nc6 6. g3 Qb6 7. Nb3 Bb4 8. Be3 Qc7 9. Bg2 0-0 10. 0-0 Bxc3 11. bxc3 b6 12. f4 Ba6 13. Re1 d5 14. Bd4 Nxd4 15. cxd4 dxe4 16. Nd2 Rac8 17. Rc1 Qc3 18. Nxe4 Nxe4 19. Rxe4 Rfd8 20. Qe1 Qxe1+ 21. Rexe1 Rxd4 22. Rcd1 Ra4 23. f5 exf5 24. Bd5 Bc4 25. Rd4 g6 26. Re7 b5 27. Bxc4 Raxc4 28. Rxc4 Rxc4 29. Rxa7 Rxc2 30. Rb7 Rxa2 31. Rxb5 Kg7 32. Rb6 g5 33. Rc6 h6 34. Rb6 f6 35. Rb8 Ra4 36. Kg2 f4 37. g4 Ra2+ 38. Kh3 Ra7 39. Rb5 Kg6 40. Rc5 h5 41. Rc3 hxg4+ 42. Kxg4 Rh7 43. Rc2 f5+ 44. Kf3 Rh3+ 45. Kg2 g4 46. Rc6+ Kg5 47. Rc4 Ra3 48. Rc8 Ra2+ 49. Kg1 g3 50. Rg8+ Kh4 51. Rf8 Kg4 52. hxg3 fxg3 53. Rf7 f4 54. Rb7 Ra1+ 55. Kg2 f3# 0-1

[Event "FRA-chT U20"]
[Site "France"]
[Date "2012.05.26"]
[Round "?"]
[White "Vigna, Leo"]
[Black "Albaric, Etienne"]
[Result "1-0"]
[WhiteElo "1712"]
[BlackElo "1796"]
[PlyCount "85"]
[EventDate "2012.05.26"]
[EventType "team-swiss"]
[EventRounds "9"]
[EventCountry "FRA"]
[SourceTitle "EXT 2014"]
[Source "ChessBase"]
[SourceDate "2013.11.20"]
[SourceVersion "1"]
[SourceVersionDate "2013.11.20"]
[SourceQuality "1"]

1. e4 c5 2. Nf3 Nc6 3. d4 cxd4 4. Nxd4 Nf6 5. Nc3 d6 6. Be3 Ng4 7. Bb5 Nxe3 8. fxe3 Bd7 9. 0-0 e6 10. Bxc6 Bxc6 11. Qf3 Qf6 12. Qxf6 gxf6 13. Rxf6 Bg7 14. Rf2 Ke7 15. Ncb5 Bxe4 16. Rxf7+ Kxf7 17. Nxd6+ Ke7 18. Nxe4 Rhd8 19. c3 Rac8 20. Ng5 Bh6 21. Ngxe6 Bxe3+ 22. Kf1 Bxd4 23. Nxd8 Kxd8 24. Rd1 Rc6 25. Rxd4+ Kc7 26. g4 Rb6 27. b3 Rh6 28. Kg2 Ra6 29. a4 Rb6 30. Rb4 Rd6 31. h4 b6 32. g5 Re6 33. Rf4 Kd8 34. Rf7 Re3 35. Rxh7 Rxc3 36. g6 Rc6 37. g7 Rg6+ 38. Kf3 Ke8 39. Rh8+ Kf7 40. g8Q+ Rxg8 41. Rxg8 Kxg8 42. Ke4 Kf7 43. Kd5 1-0

[Event "FRA-chT U20 1112"]
[Site "France"]
[Date "2011.12.18"]
[Round "6.3"]
[White "Vigna, Leo"]
[Black "Gac, Simon"]
[Result "1-0"]
[WhiteElo "1704"]
[BlackElo "1553"]
[PlyCount "57"]
[EventDate "2011.12.03"]
[EventType "team-swiss"]
[EventRounds "7"]
[EventCountry "FRA"]
[SourceTitle "EXT 2013"]
[Source "ChessBase"]
[SourceDate "2012.11.22"]
[SourceVersion "1"]
[SourceVersionDate "2012.11.22"]
[SourceQuality "1"]

1. e4 e6 2. d4 d5 3. Nd2 Nf6 4. e5 Nfd7 5. Bd3 c5 6. c3 Nc6 7. Ne2 Qb6 8. Nf3 Be7 9. 0-0 0-0 10. Qc2 h6 11. Be3 c4 12. Bh7+ Kh8 13. Nf4 Rd8 14. Qb1 Nf8 15. Bc2 Qc7 16. Qc1 Nd7 17. Nh5 Bf8 18. g4 Ne7 19. Nh4 Nb6 20. g5 hxg5 21. Bxg5 g6 22. Bf6+ Kg8 23. Bxe7 Qxe7 24. Nf6+ Kg7 25. Qg5 Kh8 26. Bxg6 fxg6 27. Nxg6+ Kg7 28. Nh8+ Kxh8 29. Qg8# 1-0

[Event "FRA-chT U20 16 GP Haute 1011"]
[Site "France"]
[Date "2011.06.12"]
[Round "9"]
[White "Vigna, Leo"]
[Black "Albaric, Etienne"]
[Result "1/2-1/2"]
[WhiteElo "1686"]
[BlackElo "1662"]
[PlyCount "129"]
[EventDate "2010.06.20"]
[EventType "team-tourn"]
[EventRounds "11"]
[EventCountry "FRA"]
[SourceTitle "EXT 2015"]
[Source "ChessBase"]
[SourceDate "2014.11.20"]
[SourceVersion "1"]
[SourceVersionDate "2014.11.20"]
[SourceQuality "1"]
[WhiteTeam "Clichy (U20)"]
[BlackTeam "Saint Mande U20"]
[WhiteTeamCountry "FRA"]
[BlackTeamCountry "FRA"]

1. e4 c5 2. Nf3 Nc6 3. d4 cxd4 4. Nxd4 Nf6 5. Nc3 d6 6. Be3 g6 7. f3 Bg7 8. Bc4 0-0 9. Qd2 Nxd4 10. Bxd4 Be6 11. Nd5 Nxd5 12. Bxg7 Kxg7 13. Bxd5 Qb6 14. 0-0-0 Rac8 15. Qd4+ Qxd4 16. Rxd4 Bxd5 17. exd5 Rc5 18. Re1 Re8 19. b4 Rc7 20. Kb2 b5 21. a4 a6 22. c3 Rec8 23. Rd3 Kf8 24. axb5 axb5 25. Ra1 Rb8 26. Kb3 Ke8 27. Rd4 Rbc8 28. Rd3 Kd7 29. Ra5 Rb8 30. Rd4 Rbc8 31. Rd3 Rb8 32. Rd1 Kd8 33. Rc1 e6 34. dxe6 fxe6 35. Ra6 Kd7 36. Rd1 Rc6 37. Ra7+ Rc7 38. Rxc7+ Kxc7 39. c4 bxc4+ 40. Kxc4 Kc6 41. f4 d5+ 42. Kb3 Kd6 43. Re1 Rb6 44. g3 Kd7 45. Rd1 Kd6 46. Re1 Rb8 47. h4 Rb7 48. Re2 Kd7 49. Re5 Kd6 50. h5 gxh5 51. Rxh5 Rg7 52. Rh3 e5 53. Rh6+ Ke7 54. fxe5 Rxg3+ 55. Ka4 Rg5 56. Rxh7+ Ke6 57. b5 Kxe5 58. b6 d4 59. b7 Rg8 60. Kb5 Ke4 61. Rc7 Rb8 62. Kc6 d3 63. Rc8 Rxb7 64. Kxb7 d2 65. Rd8 1/2-1/2

[Event "FRA-ch U12"]
[Site "Montlucon"]
[Date "2011.04.20"]
[Round "5"]
[White "Flick, Antoine"]
[Black "Vigna, Leo"]
[Result "1-0"]
[WhiteElo "1649"]
[BlackElo "1689"]
[PlyCount "105"]
[EventDate "2011.04.17"]
[EventType "swiss"]
[EventRounds "9"]
[EventCountry "FRA"]
[SourceTitle "CBM 142 Extra"]
[Source "ChessBase"]
[SourceDate "2011.06.27"]
[SourceVersion "1"]
[SourceVersionDate "2011.06.27"]
[SourceQuality "1"]

1. c4 e5 2. Nc3 Nf6 3. Nf3 Nc6 4. g3 Nd4 5. Bg2 Nxf3+ 6. Bxf3 Bb4 7. 0-0 0-0 8. d3 Bxc3 9. bxc3 d6 10. Bg2 Rb8 11. Qa4 a6 12. Rb1 b6 13. Qc2 Bf5 14. Ba3 Qd7 15. Rfe1 Rfe8 16. Rbd1 Bh3 17. Bxh3 Qxh3 18. e4 Re6 19. f3 Nh5 20. Qg2 Qxg2+ 21. Kxg2 Rf8 22. d4 f5 23. exf5 Rxf5 24. c5 dxc5 25. dxc5 Nf6 26. cxb6 cxb6 27. Rd8+ Kf7 28. g4 Rf4 29. h4 Ne8 30. Rd7+ Kf6 31. Bc1 Rc4 32. Bg5+ Kg6 33. f4 h6 34. f5+ Kh7 35. fxe6 hxg5 36. Rxe5 Rxg4+ 37. Kf3 Rxh4 38. Rd8 Nf6 39. e7 Rh3+ 40. Kg2 Rxc3 41. e8Q Nxe8 42. Rdxe8 Rc2+ 43. Re2 Rc4 44. R8e4 Rc3 45. Re6 a5 46. Rxb6 Rc5 47. Rbe6 a4 48. R6e5 Rc6 49. Rxg5 g6 50. Rg4 a3 51. Rb4 g5 52. Rb3 Ra6 53. Ree3 1-0

[Event "FRA-ch U12"]
[Site "Troyes"]
[Date "2010.04.12"]
[Round "3"]
[White "Bellahcene, Bilel"]
[Black "Vigna, Leo"]
[Result "1-0"]
[WhiteElo "2072"]
[BlackElo "1760"]
[PlyCount "143"]
[EventDate "2010.04.11"]
[EventType "swiss"]
[EventRounds "9"]
[EventCountry "FRA"]
[SourceTitle "EXT 2012"]
[Source "ChessBase"]
[SourceDate "2011.11.24"]
[SourceVersion "1"]
[SourceVersionDate "2011.11.24"]
[SourceQuality "1"]

1. e4 c5 2. Nf3 e6 3. d4 cxd4 4. Nxd4 Bc5 5. Nb3 Bb6 6. Nc3 Ne7 7. Qh5 Ng6 8. Na4 0-0 9. Nxb6 Qxb6 10. Bd3 Nc6 11. 0-0 Nce5 12. Be3 Qd8 13. f4 Nxd3 14. cxd3 f5 15. e5 b6 16. Nd4 d6 17. Qf3 d5 18. Rfc1 Bd7 19. Bd2 Qe7 20. Qd1 Rac8 21. Qb3 Rxc1+ 22. Rxc1 Rc8 23. Rxc8+ Bxc8 24. Qc3 Qd7 25. g3 Ne7 26. Kf2 Kf7 27. b3 b5 28. Bc1 Qb7 29. Ba3 Bd7 30. Qc5 Be8 31. Qxe7+ Qxe7 32. Bxe7 Kxe7 33. b4 a6 34. Ke3 Bd7 35. Nb3 Kd8 36. Kd4 Kc7 37. Kc5 g6 38. Nd4 h6 39. h3 h5 40. Nf3 Be8 41. Ng5 Bd7 42. Nf7 Be8 43. Ng5 Bd7 44. Nh7 Be8 45. Nf6 Bc6 46. d4 Ba8 47. Nh7 Bc6 48. Nf8 Bd7 49. Nxd7 Kxd7 50. Kb6 a5 51. Kxa5 g5 52. h4 gxf4 53. gxf4 Kc6 54. Ka6 Kc7 55. Kxb5 Kb7 56. Kc5 Kc7 57. a4 Kb7 58. b5 Kc7 59. a5 Kb7 60. Kd6 Kc8 61. Kxe6 Kb7 62. Kxd5 Kc8 63. e6 Kd8 64. a6 Kc7 65. a7 Kb7 66. b6 Ka8 67. e7 Kb7 68. e8R Kxb6 69. a8R Kc7 70. Kc5 Kd7 71. d5 Kc7 72. Re7# 1-0